| 000 | 00000nam##2200000za#4500 |
| 001 | 9.616875 |
| 003 | CaOODSP |
| 005 | 20211126112848 |
| 007 | ta |
| 008 | 150406|2004||||xxc||||| f|0| 0 eng|d |
| 022 | |a1192-5434 |
| 040 | |aCaOODSP|beng |
| 043 | |an-cn--- |
| 086 | 1 |aFB3-2/104-11E |
| 110 | 2 |aBank of Canada. |
| 245 | 10|aEstimating New Keynesian Phillips curves using exact methods / |cby Linda Khalaf and Maral Kichian. |
| 260 | |bBank of Canada |c2004. |
| 300 | |av, 34p. : |bfigs., tables ; |c28 cm. |
| 490 | 1 |aWorking paper|x1192-5434|v2004-11 |
| 504 | |aBibliography. |
| 520 | 3 |aThis working paper is part of a series that examines a range of economic and financial issues of interest to bankers, economists and policymakers. |
| 546 | |aRésumé en français. |
| 563 | |aSoftcover |
| 590 | |a04-29|b2004-07-16 |
| 690 | 07|aEconomic analysis|2gcpds |
| 690 | 07|aInflation|2gcpds |
| 690 | 07|aPrices|2gcpds |
| 690 | 07|aStatistical analysis|2gcpds |
| 720 | 1 |aKichian, Maral |
| 720 | 1 |aKhalaf, Lynda |
| 776 | 0#|tEstimating New Keynesian Phillips curves using exact methods / |w(CaOODSP)9.571619 |
| 830 | #0|aWorking paper,|x1192-5434|v2004-11|w(CaOODSP)9.514622 |